<?xml version="1.0" encoding="UTF-8"?>
<collection xmlns="http://www.loc.gov/MARC21/slim">
 <record>
  <leader>01197nam a2200241 a 4500</leader>
  <controlfield tag="001">1/44379</controlfield>
  <controlfield tag="008">140403s2012    enk d         001 0 eng  </controlfield>
  <datafield tag="020" ind1=" " ind2=" ">
   <subfield code="a">9781119961871</subfield>
  </datafield>
  <datafield tag="035" ind1=" " ind2=" ">
   <subfield code="l">47328</subfield>
  </datafield>
  <datafield tag="082" ind1="0" ind2="0">
   <subfield code="a">658.0076 GMA</subfield>
  </datafield>
  <datafield tag="245" ind1="0" ind2="4">
   <subfield code="a">The Official guide for GMAT review :</subfield>
   <subfield code="b">the only study quide by the creators of the test /</subfield>
   <subfield code="c">from the Graduate Management Admission Council.</subfield>
  </datafield>
  <datafield tag="246" ind1="1" ind2="2">
   <subfield code="a">GMAT Review.</subfield>
  </datafield>
  <datafield tag="250" ind1=" " ind2=" ">
   <subfield code="a">13η εκδ.</subfield>
  </datafield>
  <datafield tag="260" ind1=" " ind2=" ">
   <subfield code="a">Great Britain :</subfield>
   <subfield code="b">TJ International Ltd,</subfield>
   <subfield code="c">2012.</subfield>
  </datafield>
  <datafield tag="300" ind1=" " ind2=" ">
   <subfield code="a">839 σ. :</subfield>
   <subfield code="b">πιν. ;</subfield>
   <subfield code="c">28 εκ.</subfield>
  </datafield>
  <datafield tag="500" ind1=" " ind2=" ">
   <subfield code="a">Περιέχει ευρετήριο.</subfield>
  </datafield>
  <datafield tag="500" ind1=" " ind2=" ">
   <subfield code="a">The only study guide by the creators of hte test. Μore than 900 quastions from past GMAT exams. NEW! Companion website includes 50 integrated reasoning questions. Diagnostic section helps you assess where to focus your test-prep efforts.</subfield>
  </datafield>
  <datafield tag="650" ind1=" " ind2="4">
   <subfield code="a">Graduate Management Admission Test</subfield>
   <subfield code="x">Study guides.</subfield>
  </datafield>
  <datafield tag="650" ind1=" " ind2="4">
   <subfield code="a">Management</subfield>
   <subfield code="z">United States</subfield>
   <subfield code="x">Examinations</subfield>
   <subfield code="x">Study guides.</subfield>
  </datafield>
  <datafield tag="650" ind1=" " ind2="4">
   <subfield code="a">Management</subfield>
   <subfield code="x">Examinations</subfield>
   <subfield code="x">Study guides.</subfield>
  </datafield>
  <datafield tag="650" ind1=" " ind2="4">
   <subfield code="a">Business</subfield>
   <subfield code="x">Examinations.</subfield>
  </datafield>
  <datafield tag="852" ind1=" " ind2=" ">
   <subfield code="a">INST</subfield>
   <subfield code="b">UNIPILB</subfield>
   <subfield code="c">MAIN</subfield>
   <subfield code="e">20140403</subfield>
   <subfield code="h">658.0076 GMA</subfield>
   <subfield code="p">00170729</subfield>
   <subfield code="q">00170729</subfield>
   <subfield code="t">LOAN</subfield>
   <subfield code="y">0</subfield>
   <subfield code="4">1</subfield>
  </datafield>
  <datafield tag="856" ind1="4" ind2=" ">
   <subfield code="d">/webopac/covers/03/47328_9781119961871.jpg</subfield>
  </datafield>
 </record>
</collection>
